長崎県の戦前市制・町制 - Statistics

General Stats
  • This quiz has been taken 100 times
  • The average score is 28 of 48
Answer Stats
施行日 施行内容 所属郡 回答 % Correct
1940.09.01 市制 (市) 諫早市
95%
1940.04.01 市制 (市) 島原市
91%
1889.04.01 市制 (市) 長崎市
89%
1942.02.11 市制 (市) 大村市
89%
1902.04.01 市制 (市) 佐世保市
86%
1889.04.01 町制 東彼杵郡 大村町
82%
1889.04.01 町制 北高来郡 諫早町
82%
1889.04.01 町制 南高来郡 島原町
80%
1934.11.03 町制 東彼杵郡 川棚町
80%
1919.10.01 町制 南松浦郡 福江町
77%
1927.01.01 町制 南高来郡 有家町
77%
1927.04.01 町制 南高来郡 西有家町
77%
1928.01.01 町制 南高来郡 加津佐町
77%
1889.04.01 町制 北松浦郡 平戸町
75%
1908.04.01 町制 下県郡 厳原町
75%
1941.01.01 町制 北松浦郡 佐々町
73%
1924.04.01 町制 南高来郡 小浜町
70%
1928.04.01 町制 南高来郡 口之津町
68%
1940.02.11 町制 北松浦郡 小値賀町
66%
1922.09.01 町制 南松浦郡 富江町
64%
1934.10.17 町制 南松浦郡 有川町
61%
1940.11.03 町制 東彼杵郡 彼杵町
61%
1923.04.01 町制 東彼杵郡 早岐町
59%
1919.10.01 町制 西彼杵郡 茂木町
55%
1925.04.01 町制 壱岐郡 武生水町
55%
1932.01.01 町制 南高来郡 南有馬町
52%
1934.11.03 町制 東彼杵郡 上波佐見町
50%
1940.04.17 町制 北松浦郡 生月町
50%
1940.10.17 町制 下県郡 鶏知町
50%
1933.11.03 町制 南松浦郡 玉之浦町
48%
1935.04.01 町制 壱岐郡 勝本町
48%
1943.12.08 町制 南松浦郡 奈良尾町
45%
1921.11.01 町制 北松浦郡 志佐町
43%
1940.04.01 町制 北松浦郡 江迎町
43%
1940.11.03 町制 北松浦郡 世知原町
43%
1940.11.03 町制 南松浦郡 三井楽町
43%
1928.11.01 町制 南高来郡 千々石町
41%
1940.11.03 町制 北高来郡 湯江町
41%
1937.02.11 町制 南高来郡 多比良町
39%
1941.01.01 町制 北松浦郡 新御厨町
39%
1941.04.01 町制 南松浦郡 青方町
39%
1889.04.01 町制 南高来郡 湊町
36%
1928.06.01 町制 西彼杵郡 瀬戸町
34%
1931.10.01 町制 西彼杵郡 崎戸町
34%
1941.04.03 町制 南松浦郡 岐宿町
34%
1929.04.01 町制 北松浦郡 今福町
32%
1940.04.17 町制 北松浦郡 大野町
30%
1930.04.03 町制 北松浦郡 相浦町
27%
No matching quizzes found
Score Distribution
Percent of People with Each Score
Percentile by Number Answered
Your Score History
You have not taken this quiz